Score 0/24 Timer 08:00
0 Plays Today
% Correct
Minions
96.6%
Iron Man
93.9%
Jumanji
90.4%
Hellboy
86.6%
Skyfall
83.6%
Matilda
82.1%
Face/Off
76.4%
Hancock
73.8%
Memento
71.3%
Sin City
70.9%
Monster
66.9%
Machete
62.5%
% Correct
Jarhead
55.6%
Rampage
52.6%
Tremors
48.6%
Contact
47.7%
Arrival
47%
Kingpin
46.6%
Elysium
45.3%
Boyhood
42.3%
Sky High
41%
Beowulf
31.8%
Warrior
28%
Starman
23.8%
Remove Ads.
Support Sporcle.
Get the best of Sporcle when you Go Orange. This ad-free experience offers more features, more stats, and more fun while also helping to support Sporcle. Thank you for becoming a member.

You're not logged in!

Compare scores with friends on all Sporcle quizzes.
OR
Log In

Show Comments

Extras

Top Quizzes Today


Score Distribution

Your Account Isn't Verified!

In order to create a playlist on Sporcle, you need to verify the email address you used during registration. Go to your Sporcle Settings to finish the process.

Report this User

Report this user for behavior that violates our Community Guidelines.

Details: